000 01871nam a2200313Ia 4500
999 _c53289
_d53289
001 20330
003 GE_BSU
005 20200914172117.0
008 181216s1966||||ge |||||||||||||| ||geo||
040 _cGE_BSU
041 _ageo
080 _a811.353.1'342 ა-98
100 _aახვლედიანი, გ.
_92910
245 _aზოგადი ფონეტიკის შესავალი = Введение в общую фонетику :
_bსახელმძღვანელო /
_cგ. ახვლედიანი ; რედაქტორი ელ. სარჯველაძე.
250 _aმეორე გამოცემა
264 _aთბილისი :
_bგანათლება,
_c1966.
300 _a208 გვ. ;
_c22 სმ.
653 _aფონეტიკა
653 _a ზოგადი ფონეტიკა
653 _aფონეტიკის საგანი და მეთოდები
653 _aსაწარმოთქმო ორგანოები, მათი მოქმედება და ფონემის ფიზიკური თვისებები
653 _a სამეტყველო ბგერათა კლსიფიკაცია
653 _a რუსულისა და ქართულის ფონემური შედგენილობა
653 _aბგერათშეერთება -მარცვალი
653 _a ბგერათრაოდენობა ანუ ბგერათა სიგრძე–სიმოკლე
653 _a მახვილი - სამეტყველო ბგერა და წერა
700 _aსარჯველაძე, ელ.
_eრედაქტორი
_99534
942 _cBK
_2udc